01006 a2200181 4500003000500000005001700005040000900022082001600031100003400047245007600081260003800157300000800195505042800203650003700631942001200668999001900680952012500699Nust20230403111531.0 cNust a923.254,THE aMaguham, W. Somerset 9111676 aThe Memoirs of Aga Khan :bworld enough and time /cW. Somerset Maguham aLondonbCassell and companyc1954 a350 aChildhood and Youth (Page-1), My First European Tour (Page-7), Early Visit to the Middle East (Page-30), Nine Crowded (Page-57), London (Page-69), The First World War (Page-117), Post War (Page-130),The Islamic Concepts (Page-145), My Career on the Truf (Page-169),Towards (Page-192), My Work for the League (Page-206), The War Year (Page-235), Friends Old (Page-271), My Recent Travels (Page-307), Looking Back (Page-316). aThe memoirs of agha khan9111677 2ddccBK c186966d186966 00102ddc4070aMCSbMCScGENd2016-12-12o923.254,THEpMCS29165r2016-12-08w2016-12-12yBKzAlmirah No.75, Shelf No.5